Value management of construction projects. (Record no. 99359)

MARC details
000 -LEADER
fixed length control field 01118cam a2200289 4500
008 - FIXED-LENGTH DATA ELEMENTS--GENERAL INFORMATION
fixed length control field 090401t2004 xxu||||| |||| 00| 0 eng d
020 ## - INTERNATIONAL STANDARD BOOK NUMBER
International Standard Book Number 0632051434
035 ## - SYSTEM CONTROL NUMBER
System control number (Sirsi) u99491
041 ## - LANGUAGE CODE
Language code of text/sound track or separate title eng
050 ## - LIBRARY OF CONGRESS CALL NUMBER
Classification number 658.1552
-- 18
100 ## - MAIN ENTRY--PERSONAL NAME
Personal name Kelly, John
245 ## - TITLE STATEMENT
Title Value management of construction projects.
260 ## - PUBLICATION, DISTRIBUTION, ETC.
Place of publication, distribution, etc. Oxford
Name of publisher, distributor, etc. Blackwell Science
Date of publication, distribution, etc. 2004
300 ## - PHYSICAL DESCRIPTION
Extent x,369p. ; 25cm.
350 ## - PRICE (NR) (BK AM CF MU VM SE) [OBSOLETE]
Price 35.00
520 ## - SUMMARY, ETC.
Summary, etc. This book presents an integrated value philosophy, methodology and tool kit for improving project delivery for clients, based on best practice. It combines the theory and practice of value management and is written in such a way that the theory, methodology, workshop styles, tools and techniques can be read independently if the reader wishes.
520 ## - SUMMARY, ETC.
Summary, etc. Superseded by 2 ed ISBN 9781118355152 (Ebook)
650 ## - SUBJECT ADDED ENTRY--TOPICAL TERM
Topical term or geographic name entry element CLIENT VALUE SYSTEMS
650 ## - SUBJECT ADDED ENTRY--TOPICAL TERM
Topical term or geographic name entry element CONSTRUCTION PROJECTS
650 ## - SUBJECT ADDED ENTRY--TOPICAL TERM
Topical term or geographic name entry element VALUE ENGINEERING
650 ## - SUBJECT ADDED ENTRY--TOPICAL TERM
Topical term or geographic name entry element VALUE MANAGEMENT
690 ## - LOCAL SUBJECT ADDED ENTRY--TOPICAL TERM (OCLC, RLIN)
Topical term or geographic name as entry element Project management
9 (RLIN) 6261
700 ## - ADDED ENTRY--PERSONAL NAME
Personal name Male, Steven
700 ## - ADDED ENTRY--PERSONAL NAME
Personal name Drummond, Graham
942 ## - ADDED ENTRY ELEMENTS (KOHA)
Suppress in OPAC 0
948 ## - LOCAL PROCESSING INFORMATION (OCLC); SERIES PART DESIGNATOR (RLIN)
c (OCLC) 23/07/1998

No items available.